000 00270nam a2200109Ia 4500
005 20251222143146.0
008 251222s9999||||xx |||||||||||||| ||spa||
082 _a006.689/I59/30
245 0 _aExcel 97: Guía práctica de autoaprendizaje
264 _bINEI
942 _cLIB
999 _c12488
_d12488